[Event "Charlotte Spring GM Invitational 2021"]
[Site "Charlotte"]
[Date "2021.03.21"]
[Round "8.1"]
[White "Belous, Vladimir"]
[Black "Ostrovskiy, Aleksandr"]
[Result "1-0"]
[WhiteElo "2521"]
[BlackElo "2431"]
[Annotator "RC"]
[PlyCount "63"]
[EventDate "2021.03.17"]
[EventType "tourn"]
[EventCountry "USA"]
[SourceTitle "playchess.com"]
[Source "ChessBase"]
[SourceQuality "1"]
[TimeControl "5400+30"]

1. c4 {[%emt 0:00:00]} c6 {[%emt 0:00:00]} 2. d4 {[%emt 0:01:10]} d5 {[%emt 0:00:00]} 3. Nf3 {[%emt 0:00:05]} Nf6 {[%emt 0:00:00]} 4. Nc3 {[%emt 0:00:51]} dxc4 {[%emt 0:00:00]} 5. g3 {[%emt 0:00:14]} Nbd7 {[%emt 0:02:22]} 6. Bg2 {[%emt 0:01:21]} g6 {[%emt 0:00:16]} 7. a4 {[%emt 0:04:37]} a5 {[%emt 0:01:16]} 8. O-O {[%emt 0:00:28]} Bg7 {[%emt 0:00:03]} 9. e4 {[%emt 0:01:06]} O-O {[%emt 0:01:30]} 10. Qe2 {[%emt 0:04:34]} Nb6 {[%emt 0:04:51]} 11. h3 {[%emt 0:00:21]} Nfd7 {[%emt 0:05:11]} 12. Bg5 {[%emt 0:10:31]} Re8 {[%emt 0:04:31]} 13. Rad1 {[%emt 0:05:34]} Qc7 {[%emt 0:02:19]} 14. g4 {[%emt 0:07:32]} e5 {[%emt 0:03:25]} 15. d5 {[%emt 0:00:56]} Nc5 {[%emt 0:23:52]} 16. Nd2 {[%emt 0:07:12]} Ncxa4 {[%emt 0:02:38]} 17. Nxa4 {[%emt 0:00:13]} Nxa4 {[%emt 0:00:02]} 18. Nxc4 {[%emt 0:00:46]} cxd5 {[%emt 0:12:49]} 19. exd5 {[%emt 0:00:20]} e4 {[%emt 0:02:46]} 20. d6 {[%emt 0:02:32]} Qc6 {[%emt 0:02:41]} 21. Be7 {[%emt 0:06:09]} f5 {[%emt 0:09:35]} 22. Rc1 {[%emt 0:01:01]} Qb5 {[%emt 0:02:47]} 23. gxf5 {[%emt 0:02:32]} gxf5 {[%emt 0:08:12]} 24. Qh5 {[%emt 0:00:32]} Bd7 {[%emt 0:01:10]} 25. Kh1 {[%emt 0:02:27]} Rac8 {[%emt 0:06:29]} 26. Rg1 {[%emt 0:00:27]} Qd5 {[%emt 0:01:50]} 27. Bf3 {[%emt 0:01:07]} Qe6 {[%emt 0:02:06]} 28. Qg5 {[%emt 0:07:36]} Qg6 {[%emt 0:00:14]} 29. Bh5 {[%emt 0:00:05]} Qxg5 {[%emt 0:00:16]} 30. Rxg5 {[%emt 0:00:05]} h6 {[%emt 0:01:10]} 31. Rxg7+ {[%emt 0:00:18]} Kxg7 {[%emt 0:00:03]} 32. Rg1+ {[%emt 0:00:05]} 1-0

[Event "Charlotte Spring GM Invitational 2021"]
[Site "Charlotte"]
[Date "2021.03.21"]
[Round "8.2"]
[White "Wang, Kevin"]
[Black "Yip, Carissa"]
[Result "1/2-1/2"]
[WhiteElo "2402"]
[BlackElo "2423"]
[Annotator "ChessBase"]
[PlyCount "74"]
[EventDate "2021.03.17"]
[EventType "tourn"]
[EventCountry "USA"]
[SourceTitle "playchess.com"]
[Source "ChessBase"]
[SourceQuality "1"]
[TimeControl "5400+30"]

1. d4 {[%emt 0:00:28]} Nf6 {[%emt 0:05:54]} 2. Bg5 {[%emt 0:00:22]} e6 {[%emt 0:04:23]} 3. Nd2 {[%emt 0:00:30]} d5 {[%emt 0:00:44]} 4. e3 {[%emt 0:00:55]} Be7 {[%emt 0:00:31]} 5. Ngf3 {[%emt 0:01:06]} Nbd7 {[%emt 0:00:36]} 6. Bd3 {[%emt 0:01:07]} c5 {[%emt 0:01:52]} 7. c3 {[%emt 0:00:42]} O-O {[%emt 0:00:57]} 8. O-O {[%emt 0:04:40]} b6 {[%emt 0:03:27]} 9. Ne5 {[%emt 0:09:56]} Bb7 {[%emt 0:07:46]} 10. f4 {[%emt 0:06:47]} Ne4 {[%emt 0:04:53]} 11. Bxe7 {[%emt 0:09:05]} Qxe7 {[%emt 0:00:02]} 12. Nxd7 {[%emt 0:00:34]} Qxd7 {[%emt 0:00:06]} 13. Rf3 {[%emt 0:04:01]} Rac8 {[%emt 0:13:00]} 14. Rh3 {[%emt 0:02:28]} f6 {[%emt 0:01:50]} 15. Qc2 {[%emt 0:05:50]} Qc6 {[%emt 0:01:21]} 16. Rf1 {[%emt 0:07:40]} h6 {[%emt 0:04:06]} 17. f5 {[%emt 0:09:35]} exf5 {[%emt 0:07:30]} 18. Rxf5 {[%emt 0:01:27]} Qe6 {[%emt 0:02:24]} 19. Rf1 {[%emt 0:01:57]} Rce8 {[%emt 0:01:43]} 20. Nxe4 {[%emt 0:02:21]} dxe4 {[%emt 0:00:07]} 21. Bb5 {[%emt 0:00:25]} Bc6 {[%emt 0:03:03]} 22. Bxc6 {[%emt 0:02:48]} Qxc6 {[%emt 0:00:01]} 23. Rh5 {[%emt 0:01:06]} cxd4 {[%emt 0:01:33]} 24. exd4 {[%emt 0:00:47]} Re7 {[%emt 0:01:46]} 25. Qe2 {[%emt 0:01:52]} Qe6 {[%emt 0:02:51]} 26. d5 {[%emt 0:01:31]} Qd6 {[%emt 0:00:06]} 27. Qe3 {[%emt 0:00:57]} Re5 {[%emt 0:04:18]} 28. Rxe5 {[%emt 0:00:06]} Qxe5 {[%emt 0:00:03]} 29. Rd1 {[%emt 0:00:50]} f5 {[%emt 0:02:06]} 30. d6 {[%emt 0:01:02]} Rd8 {[%emt 0:00:08]} 31. d7 {[%emt 0:01:53]} Qe6 {[%emt 0:00:06]} 32. Qd4 {[%emt 0:01:36]} Kf7 {[%emt 0:03:52]} 33. c4 {[%emt 0:01:37]} e3 {[%emt 0:01:07]} 34. Re1 {[%emt 0:01:56]} Rxd7 {[%emt 0:01:22]} 35. Qxe3 {[%emt 0:00:03]} Qxe3+ {[%emt 0:00:04]} 36. Rxe3 {[%emt 0:00:02]} Rd2 {[%emt 0:01:31]} 37. Ra3 {[%emt 0:00:49]} Rxb2 {[%emt 0:01:12]} 1/2-1/2

[Event "Charlotte Spring GM Invitational 2021"]
[Site "Charlotte"]
[Date "2021.03.21"]
[Round "8.4"]
[White "Mishra, Abhimanyu"]
[Black "Gauri, Shankar"]
[Result "1/2-1/2"]
[WhiteElo "2370"]
[BlackElo "2353"]
[Annotator "ChessBase"]
[PlyCount "54"]
[EventDate "2021.03.17"]
[EventType "tourn"]
[EventCountry "USA"]
[SourceTitle "playchess.com"]
[Source "ChessBase"]
[SourceQuality "1"]
[TimeControl "5400+30"]

1. d4 {[%emt 0:00:00]} Nf6 {[%emt 0:03:53]} 2. c4 {[%emt 0:00:00]} e6 {[%emt 0:00:14]} 3. Nf3 {[%emt 0:00:00]} b6 {[%emt 0:00:10]} 4. g3 {[%emt 0:00:00]} Bb4+ {[%emt 0:00:39]} 5. Bd2 {[%emt 0:00:12]} Be7 {[%emt 0:00:31]} 6. Nc3 {[%emt 0:02:05]} Bb7 {[%emt 0:00:44]} 7. Bg2 {[%emt 0:04:44]} c6 {[%emt 0:00:45]} 8. Bf4 {[%emt 0:00:21]} d5 {[%emt 0:06:20]} 9. cxd5 {[%emt 0:03:03]} cxd5 {[%emt 0:02:55]} 10. Nb5 {[%emt 0:01:04]} Bb4+ {[%emt 0:04:40]} 11. Nd2 {[%emt 0:06:34]} Na6 {[%emt 0:13:43]} 12. Nc7+ {[%emt 0:07:41]} Nxc7 {[%emt 0:00:30]} 13. Qa4+ {[%emt 0:00:03]} Qd7 {[%emt 0:00:49]} 14. Qxb4 {[%emt 0:00:09]} Na6 {[%emt 0:00:28]} 15. Qa3 {[%emt 0:15:46]} Nh5 {[%emt 0:19:23]} 16. Be3 {[%emt 0:04:56]} Qe7 {[%emt 0:04:40]} 17. Qa4+ {[%emt 0:03:46]} Qd7 {[%emt 0:00:03]} 18. Qb3 {[%emt 0:12:09]} O-O {[%emt 0:00:56]} 19. O-O {[%emt 0:01:36]} Nf6 {[%emt 0:01:11]} 20. Rac1 {[%emt 0:06:04]} Rfc8 {[%emt 0:00:38]} 21. Nb1 {[%emt 0:01:40]} Ne4 {[%emt 0:02:12]} 22. Bf4 {[%emt 0:29:07]} Nc7 {[%emt 0:35:36]} 23. Nc3 {[%emt 0:00:00]} Nxc3 {[%emt 0:00:00]} 24. Qxc3 {[%emt 0:00:00]} Nb5 {[%emt 0:00:00]} 25. Qd3 {[%emt 0:00:00]} h6 {[%emt 0:00:00]} 26. Rfe1 {[%emt 0:00:00]} Nd6 {[%emt 0:00:00]} 27. b3 {[%emt 0:00:00]} a5 {[%emt 0:00:00]} 1/2-1/2

[Event "Charlotte Spring GM Invitational 2021"]
[Site "Charlotte"]
[Date "2021.03.21"]
[Round "8.5"]
[White "Sinha, Sahil"]
[Black "Prohaszka, Peter"]
[Result "0-1"]
[WhiteElo "2353"]
[BlackElo "2581"]
[Annotator "TA"]
[PlyCount "110"]
[EventDate "2021.03.17"]
[EventType "tourn"]
[EventCountry "USA"]
[SourceTitle "playchess.com"]
[Source "ChessBase"]
[SourceQuality "1"]

{[%evp 9,110,32,31,18,34,23,35,32,31,35,36,0,22,0,35,0,0,0,1,0,6,4,0,7,23,20,33,22,23,30,33,12,20,0,0,0,0,0,0,-2,7,0,0,0,0,-13,0,-22,-15,-18,-29,-29,-21,-29,0,-24,-20,-28,-33,-35,-20,-400,-401,-452,-457,-457,-439,-448,-420,-479,-432,-901,-889,-853,-823,-5469,-5389,-5557,-5465,-5314,-5314,-5181,-2540,-29966,-29970,-29973,-29974,-29974,-29976,-29976,-29977,-29977,-29978,-29978,-29979,-29979,-29980,-29980,-29981,-29981,-29982,-29982,-29983]} 1. d4 d5 2. c4 e6 3. Nc3 Nf6 4. Nf3 a6 5. cxd5 exd5 6. Bg5 {D37: Queen's Gambit Declined: 5 Bf4.} Be6 7. e3 Nbd7 8. Bd3 {White is slightly better.} c6 9. O-O Bd6 10. a3 O-O 11. Qc2 h6 12. Bh4 Qc7 13. Bg3 Bxg3 14. hxg3 {[#]} Rfe8 $146 ({Predecessor:} 14... Qd6 15. Rad1 Rfe8 16. Rfe1 Bg4 17. Rc1 Rad8 18. Nd2 c5 19. dxc5 Nxc5 20. Nb5 axb5 21. Qxc5 Qxc5 22. Rxc5 {0-1 (46) Shen,Y (2472)-Ju,W (2559) Yangzhou 2016}) 15. Rac1 Qd6 16. Na4 Ne4 17. b4 Bf5 18. Nc5 Rab8 19. Rfe1 Bh7 20. Nxd7 Qxd7 21. Ne5 Qe7 22. f3 Ng5 23. Bxh7+ Nxh7 24. g4 Nf6 25. Kf2 Nd7 26. Nxd7 Qxd7 27. a4 Re6 28. Rb1 Rbe8 29. Qd3 Qe7 30. g3 Qg5 31. Qf5 Qe7 {[%cal Re6e3]} 32. Qd3 g6 33. Re2 Kg7 34. Qd2 Rf6 {aiming for ...Qe4.} 35. Kg2 $2 {[%mdl 8192] [#] This costs White the game.} (35. Qd3 $11) 35... Rxf3 $1 $19 {[%mdl 576] White must now prevent ...Qe4! Remove Defender, Decoy} 36. Kxf3 {Hoping for Qd3.} (36. Qd3 Qf6) 36... Qe4+ {[%mdl 64] Double Attack} 37. Kf2 {Qe1 is the strong threat.} Qxb1 {[%mdl 4096] Endgame KQR-KQR} 38. Re1 Qe4 39. Qe2 Re6 40. Rf1 (40. g5 $142 hxg5 41. g4) 40... Rf6+ 41. Kg1 Rxf1+ 42. Kxf1 {KQ-KQ} Qh1+ 43. Kf2 Qh2+ 44. Kf3 Qxe2+ 45. Kxe2 {KP-KP} Kf6 46. Kf2 b5 {Black mates.} 47. axb5 axb5 48. e4 dxe4 49. Ke3 Kg5 50. Kxe4 Kxg4 51. Ke5 Kxg3 52. Kd6 h5 53. Kxc6 h4 54. d5 h3 55. d6 h2 {Weighted Error Value: White=0.49/Black=0.04} 0-1

[Event "Charlotte Spring GM Invitational 2021"]
[Site "Charlotte"]
[Date "2021.03.22"]
[Round "9.3"]
[White "Hilby, Craig"]
[Black "Mishra, Abhimanyu"]
[Result "0-1"]
[WhiteElo "2454"]
[BlackElo "2370"]
[Annotator "TA"]
[PlyCount "86"]
[EventDate "2021.03.17"]
[EventType "tourn"]
[EventCountry "USA"]
[SourceTitle "playchess.com"]
[Source "ChessBase"]
[SourceQuality "1"]

{[%evp 12,86,0,0,3,0,0,-31,-23,-26,-22,-20,-10,-14,-25,-59,-37,-54,-55,-58,-45,-43,-35,-185,-173,-173,-166,-177,-179,-206,-212,-213,-185,-212,-120,-128,-125,-122,-127,-145,-130,-136,-116,-135,-43,-122,-60,-64,-74,-141,-109,-138,-131,-172,-179,-180,-178,-148,-167,-261,-263,-422,-254,-206,-159,-193,0,-224,-178,-500,-287,-294,-264,-778,-779,-769,-753]} 1. e3 d5 2. c4 c6 3. Nf3 Nf6 4. b3 e6 5. Bb2 Bd6 6. Nc3 O-O 7. Be2 b6 {A11: English Opening: 1...c6.} 8. Qc2 Bb7 9. Rg1 Na6 {Black is slightly better.} 10. g4 e5 11. g5 Nd7 {[#]} 12. a3 $146 ({Predecessor:} 12. cxd5 cxd5 13. Nb5 Rc8 14. Qf5 g6 15. Qh3 Bb8 16. Rg4 Re8 17. Qh6 Nf8 18. h4 {1-0 (32) Hillarp Persson,T (2543)-Andersen,M (2579) chess24.com INT 2020}) 12... Nc7 13. h4 Qe7 14. h5 f5 15. gxf6 Rxf6 16. Ng5 Nf8 17. Bd3 {[#]} (17. b4 $1 $15) 17... h6 $1 $19 {[%cal Rh6g5]} 18. Nh7 Nxh7 19. Bxh7+ Kh8 20. Bg6 Raf8 21. Rg2 Rf3 22. Ne2 Qf6 (22... Bc8 $19 23. cxd5 cxd5) 23. O-O-O Rxf2 24. Rxf2 Qxf2 25. Nc3 Ne6 26. Kb1 Qg2 27. b4 a6 ({Don't do} 27... dxc4 28. Ne4 $15) (27... Bc7 $17 28. cxd5 cxd5) 28. Qd3 (28. Na4 $1 $15) 28... Bc7 (28... Bb8 $17 29. Na4 Bc7) 29. cxd5 $15 cxd5 30. Qc2 (30. Rc1 $142) 30... b5 31. Bf5 Ng5 {[%cal Be6g5,Bg5f3,Bf3d2][%mdl 32]} 32. Bg6 Bb6 33. Na2 d4 34. exd4 exd4 35. Re1 (35. Nc1 $142) 35... Nf3 $19 36. Qf5 $2 (36. Re6 {was called for.} Nxd2+ 37. Ka1 Nb3+ 38. Kb1 Nd2+ 39. Ka1) 36... Nxd2+ ({Weaker is} 36... Be4+ 37. Rxe4 Nxd2+ 38. Kc1 $15) 37. Ka1 {[%cal Rf5f8] [#]} Nb3+ 38. Kb1 {[%cal Rf5f8]} Nd2+ ({Don't play} 38... Be4+ 39. Rxe4 Qxe4+ 40. Qxe4 $11) 39. Ka1 {[%cal Rf5f8]} Qf3 40. Qe6 (40. Qxf3 {is a better chance.} Nxf3 41. Re6) 40... Bd8 41. Nc1 Nc4 42. Bxd4 (42. Bd3 Qd5 43. Qg6) 42... Bd5 43. Qe2 Bf6 {Weighted Error Value: White=0.39/Black=0.27} 0-1

[Event "Charlotte Spring GM Invitational 2021"]
[Site "Charlotte"]
[Date "2021.03.21"]
[Round "9.4"]
[White "Ostrovskiy, Aleksandr"]
[Black "Ringoir, Tanguy"]
[Result "1/2-1/2"]
[WhiteElo "2431"]
[BlackElo "2474"]
[Annotator "TA"]
[PlyCount "15"]
[EventDate "2021.03.17"]
[EventType "tourn"]
[EventCountry "USA"]
[SourceTitle "playchess.com"]
[Source "ChessBase"]
[SourceQuality "1"]

{[%evp 13,15,0,0,-491]} 1. e4 e5 2. Nf3 Nc6 3. Nc3 Nf6 4. Bb5 Nd4 5. Nxd4 exd4 6. e5 dxc3 7. exf6 Qxf6 {[#]} 8. Bf1 $146 {[%mdl 40960] An unexpected result. C48: Four Knights: 4 Bb5, replies other than 4...Bb4.} (8. dxc3 $11 c6 9. Bd3) ({Predecessor:} 8. dxc3 Qe5+ 9. Qe2 Qxe2+ 10. Kxe2 c6 11. Bd3 d5 12. Re1 Bd6 13. Bf4 Ke7 14. Kf3+ Be6 15. c4 dxc4 16. Bxc4 Bxf4 17. Kxf4 Rad8 18. Bxe6 fxe6 19. Re2 Rd4+ {0-1 (61) Duda,J (2757)-Aronian,L (2767) Stavanger 2020}) 1/2-1/2

[Event "Charlotte Spring GM Invitational 2021"]
[Site "Charlotte"]
[Date "2021.03.22"]
[Round "9.5"]
[White "Prohaszka, Peter"]
[Black "Wang, Kevin"]
[Result "1-0"]
[WhiteElo "2581"]
[BlackElo "2402"]
[Annotator "TA"]
[PlyCount "87"]
[EventDate "2021.03.17"]
[EventType "tourn"]
[EventCountry "USA"]
[SourceTitle "playchess.com"]
[Source "ChessBase"]
[SourceQuality "1"]

{[%evp 12,86,-2,4,10,-3,11,28,10,10,20,11,17,0,0,0,0,0,0,0,0,0,0,0,0,0,0,0,0,0,0,-14,0,0,29,0,31,0,0,0,35,0,28,0,33,34,38,41,14,0,85,98,94,50,235,240,207,134,397,373,374,377,374,363,596,596,630,620,5698,5622,5160,5143,29996,29996,29997,29998,29999]} 1. d4 d5 2. c4 e6 3. g3 Nf6 4. Bg2 Be7 5. Nf3 O-O 6. Nc3 dxc4 7. Ne5 Qd6 {E06: Closed Catalan: Early deviations.} 8. a4 $5 {[%mdl 4] Leaves trodden paths.} Qa6 9. O-O Nc6 {White has an edge.} 10. Nb5 Nxe5 11. dxe5 Rd8 12. exf6 Rxd1 13. Rxd1 Bd6 ({Don't blunder} 13... gxf6 $2 14. Nxc7 Qa5 15. Nxa8 $18) 14. Bf4 $1 {[%cal Rb5d6]} Qa5 $1 15. Nxd6 cxd6 16. Rxd6 {[#]} gxf6 $146 {...Qb4 is the strong threat.} ({Predecessor:} 16... h5 17. fxg7 Kxg7 18. Bd2 Qc7 19. Bc3+ f6 20. Rad1 a5 21. Rd8 Ra6 22. Re8 e5 {1-0 (37) Lodici,L (2492)-Krasteva,B (2259) Graz 2020}) 17. Bh6 $1 {Threatens to win with Rad1.} e5 $1 18. Rad1 {Rd8+ would kill now.} Be6 19. Bxb7 Rb8 20. Bg2 Qc7 21. h4 f5 22. Kh2 Re8 23. Bc6 Rc8 (23... Rf8 {is interesting.} 24. R1d2 Rc8 25. e3 Rb8 26. e4 a6) 24. e3 {[%mdl 1024] White has compensation.} Rb8 25. R1d2 Qa5 26. Rd1 Qc7 27. e4 fxe4 (27... Qb6 $5 {[%cal Rb6f2]} 28. R1d2 fxe4 $11) 28. Bxe4 Re8 29. Bc6 Rb8 30. R1d2 Qe7 (30... Bf5 $11 31. Bg2 Bd3) 31. Bg5 $16 f6 32. Bh6 {Black must now prevent Rxe6!} Kh8 $2 {[#]} (32... Kf7 $1 $14) 33. Bd7 $1 $18 {[%cal Rd7e6]} Bf7 {And now ...Rxb2! would win.} 34. Bf5 Bg6 $2 {[%mdl 8192] [#] Black cannot hold the game after this.} (34... Be8 $16) 35. Rd7 $1 Qe8 36. Bxg6 hxg6 37. R2d6 ({Weaker is} 37. Bg7+ Kg8 $18) 37... Qc8 $2 (37... e4 38. Rxa7 Rd8 39. Rxf6 Rd7) 38. Rf7 Qe8 39. Rdd7 Qg8 40. Bg7+ {[%mdl 64] Double Attack} Kh7 41. Bxf6+ Kh6 42. Bg5+ {White mates.} Kh5 43. Kh3 {[%csl Gh3][%cal Rg3g4]} Rc8 44. g4# {Weighted Error Value: White=0.05/Black=0.45} 1-0